000 00648nam a2200205 a 4500
001 0821
005 20140414131847.0
008 040930s19uu xx 00 eng d
020 _a1-58105-572-2
050 _aM 868
_bAd1 2000
100 _aAda, Alma Flor
245 _aVoices (Biography C) /
_cAlma Flor Ada, F. Isabel Campoy ; illustrated by Pablo Rulfo, Isaac Hernandez.
260 _aMiami, Florida :
_bSantillana USA,
_c2000.
300 _a32 p. : ill. ; cm.
440 _aBiography
500 _aContents: Luis Valdez--Judith Francisca--Carlos Juan Finlay.
650 _aHispanic-Americans.
650 _aBiography.
999 _c109975
_d109975